El aporte de la Red de Universidades Públicas no Estatales a Chile en el marco de la reforma a la educación superior.
Պահպանված է:
| Համատեղ հեղինակ: | |
|---|---|
| Ձևաչափ: | Գիրք |
| Լեզու: | անգլերեն |
| Հրապարակվել է: |
Santiago, Chile:
Salviat Impresores,
2016.
|
| Խորագրեր: | |
| Ցուցիչներ: |
Ավելացրեք ցուցիչ
Չկան պիտակներ, Եղեք առաջինը, ով նշում է այս գրառումը!
|
MARC
| LEADER | 00000nam a22000007a 4500 | ||
|---|---|---|---|
| 003 | CL-VaPUC | ||
| 005 | 20230606163856.0 | ||
| 008 | 230605t2016 ||||| |||| 00| 0 eng d | ||
| 999 | |c 441044 |d 441042 | ||
| 040 | |c Pontificia Universidad Católica de Valparaíso | ||
| 082 | |2 22 |a 378.83 RED 2016 | ||
| 110 | |9 882797 |a Red de Universidades Públicas no Estatales - G9 |e autor | ||
| 245 | |a El aporte de la Red de Universidades Públicas no Estatales a Chile en el marco de la reforma a la educación superior. | ||
| 260 | |a Santiago, Chile: |b Salviat Impresores, |c 2016. | ||
| 300 | |a 93 páginas. | ||
| 500 | |a Donación Rectoría 2022. | ||
| 583 | |c 20230605 |k Yessy Sthefany Diaz Vidal | ||
| 650 | 0 | |9 223851 |a Educación superior |x Función pública |z Chile | |
| 650 | 0 | |9 256317 |a Universidades públicas |x Características particulares |x Acreditación, innovación e investigación |z Chile | |
| 942 | |2 ddc |c BK | ||
| 952 | |0 0 |1 0 |2 ddc |4 0 |6 378_830000000000000_RED_2016 |7 0 |8 A |9 590372 |a BIBGIM |b BIBGIM |c S_PSTGRDO |d 2023-06-05 |e Donación |i 5657691 |o 378.83 RED 2016 |p 5657691 |r 2025-01-15 |t 1 |w 2023-06-05 |y BK |k ESU | ||